000 00346 a2200169 4500
001 182266
020 _a
040 _cMagnum
100 _aAlencar, José de
240 1 0 _aCrônicas escolhidas
_lpor
245 1 0 _aCrônicas escolhidas
300 _a192
362 0 _a1995
440 1 _aÁtica
697 _aLITERATURA GERAL
942 _cBK
999 _c182266
_d182266